000 00461nam a2200169Ia 4500
008 090711s9999 xx 000 0 und d
082 _b56283
100 _aवाळिंबे वि. स.
245 _aराजमाता
260 _c1987
300 _a334
600 _aवाळिंबे वि. स.
630 _aराजमाता
700 _aवाळिंबे वि. स.
730 _aराजमाता
942 _cBOOK
999 _c320385
_d320385